| 000 | 00528nam a22001817a 4500 | ||
|---|---|---|---|
| 005 | 20260630120905.0 | ||
| 008 | 260630b ||||| |||| 00| 0 eng d | ||
| 020 | _a0787201960 | ||
| 100 | _aDixon, Robert M. | ||
| 245 |
_aPhysics and technology for the liberal arts / _cRobert M. Dixon. |
||
| 260 |
_aIowa : _bKendall/Hunt Publishing Company, _c1994 |
||
| 300 |
_axvii,184p.: _bIllu. |
||
| 500 | _aIncludes index. | ||
| 650 |
_aPhysics. _923 |
||
| 650 |
_aTechnology. _98078 |
||
| 650 | _aEducation, Humanistic. | ||
| 942 | _cBK | ||
| 999 |
_c41578 _d41578 |
||